Plan de acción para la conservación de las magnolias en Colombia /

Detalles Bibliográficos
Autor principal: Serna González, Marcela (Autor)
Formato: Electrónico eBook
Lenguaje:español
Publicado: Medellín, Colombia : Sello Editorial Tecnológico de Antioquia, [2024]
Edición:Primera edición.
Materias:
Acceso en línea:Digitalia Hispánica

MARC

LEADER 00000nam a2200000 i 4500
001 DIGTECANT0036
003 NyNyDIG
007 cr |||||||||||
008 250508s2024 ck ao ob 000 0 spa d
006 m o d
035 |a (OCoLC)1519503489 
040 |a DGITA  |b eng  |e rda  |e pn  |c DGITA 
020 |a 9789588628998  |q digital 
020 |z 9789588628981  |q impreso 
043 |a s-ck--- 
050 1 4 |a QK495.M24 ebook 
100 1 |a Serna González, Marcela,  |e author. 
245 1 0 |a Plan de acción para la conservación de las magnolias en Colombia /  |c autores, Marcela Serna-González [and 5 others]. 
250 |a Primera edición. 
264 1 |a Medellín, Colombia :  |b Sello Editorial Tecnológico de Antioquia,  |c [2024] 
300 |a 1 online resource :  |b illustrations, photographs. 
336 |a text  |b txt  |2 rdacontent 
337 |a computer  |b c  |2 rdamedia 
338 |a online resource  |b cr  |2 rdacarrier 
347 |a text file  |2 rdaft 
347 |b PDF 
504 |a Includes bibliographical references. 
588 0 |a Online resource; title from PDF title page (Digitalia, viewed May 8, 2025) 
650 0 |a Magnolias  |z Colombia. 
650 0 |a Magnolias  |x Protection. 
791 2 |a Digitalia (Firm),  |e distributor. 
793 0 |g Digitalia eBook Collection:  |a Tecnológico de Antioquia 
776 0 8 |i Print version:  |a Serna González, Marcela.  |t Plan de acción para la conservación de las magnolias en Colombia.  |b Primera edición.  |d Medellín, Colombia : Sello Editorial Tecnológico de Antioquia, [2024]  |z 9789588628981 
856 4 0 |3 Digitalia Hispánica  |u https://www.digitaliapublishing.com/a/170582/ 
910 |a Premium collection: 2025